| 000 | 00000nam##2200000za#4500 |
| 001 | 9.640111 |
| 003 | CaOODSP |
| 005 | 20240212134143 |
| 007 | cr ||||||||||| |
| 008 | 150407|1999||||xxc|||||o f|0| 0 fre|d |
| 040 | |aCaOODSP|bfre |
| 043 | |an-cn--- |
| 086 | 1 |aNE23-15/1999F-PDF |
| 110 | 1 |aCanada. |bOffice national de l'énergie. |
| 245 | 10|aL'énergie au Canada, offre et demande jusqu'à 2025 |h[ressource électronique] |
| 260 | |aCalgary - Alberta : |bOffice national de l'énergie |cc1999. |
| 300 | |a119p.|bfigure, glossaire, graphiques, cartes, références, tableaux |
| 500 | |aLe n° de catalogue (NE23-15/1999F) et l'ISBN (0-662-83827-0) de l'édition imprimée ont été incorrectement copiés dans cette édition électronique. |
| 590 | |a12-21-Supp|b2012-05-18 |
| 691 | 07|aÉnergie|2gcpds |
| 691 | 07|aAnalyse de marché|2gcpds |
| 691 | 07|aGaz naturel|2gcpds |
| 775 | 08|tCanadian energy, supply and demand to 2025 |w(CaOODSP)9.695994 |
| 776 | 0#|tL'énergie au Canada: offre et demande jusqu'à 2025 |w(CaOODSP)9.680798 |
| 856 | 40|ahttp://publications.gc.ca|qPDF|s705 Ko|uhttps://publications.gc.ca/collections/Collection/NE23-15-1999F.pdf |